[Event "Ozieri op 13th"]
[Site "Ozieri"]
[Date "2014.08.02"]
[Round "7"]
[White "Manca, Luca"]
[Black "Cola, Andrea"]
[Result "1-0"]
[WhiteElo "1903"]
[BlackElo "1467"]
[PlyCount "93"]
[EventDate "2014.07.31"]
[EventType "swiss"]
[EventRounds "7"]
[EventCountry "ITA"]
[SourceTitle "EXT 2016"]
[Source "ChessBase"]
[SourceDate "2015.10.08"]
[SourceVersion "1"]
[SourceVersionDate "2015.10.08"]
[SourceQuality "1"]

1. e4 e5 2. Nf3 Nc6 3. d4 exd4 4. Bc4 h6 5. Nxd4 Bc5 6. Bxf7+ Kxf7 7. Qh5+ Kf8 8. Qxc5+ Nce7 9. e5 d6 10. exd6 Qxd6 11. Qxd6 cxd6 12. Bf4 d5 13. Nc3 Nf6 14. 0-0 Nf5 15. Ndb5 Bd7 16. Nc7 Rc8 17. N3xd5 Nxd5 18. Nxd5 Rxc2 19. b3 Kf7 20. Rfd1 Bc6 21. Nb4 Rc3 22. Nxc6 Rxc6 23. Rd7+ Ne7 24. Rxb7 Ra8 25. Re1 Re6 26. Rxe6 Kxe6 27. g3 a5 28. Bd2 a4 29. Bc3 axb3 30. axb3 Kf7 31. Bb4 Re8 32. f4 Kf6 33. Bxe7+ Rxe7 34. Rxe7 Kxe7 35. Kf2 Kd6 36. Ke3 Kd5 37. h4 h5 38. b4 Kc4 39. f5 Kxb4 40. Kf4 Kc5 41. Kg5 Kd5 42. Kxh5 Ke5 43. Kg6 Ke4 44. g4 Kf4 45. g5 Kg4 46. Kxg7 Kxh4 47. g6 1-0

[Event "Torre delle Stelle op 1st"]
[Site "Sinnai"]
[Date "2011.06.23"]
[Round "3"]
[White "Manca, Luca"]
[Black "Mallo, Danilo"]
[Result "1/2-1/2"]
[WhiteElo "1995"]
[BlackElo "1930"]
[PlyCount "68"]
[EventDate "2011.06.22"]
[EventType "swiss"]
[EventRounds "7"]
[EventCountry "ITA"]
[SourceTitle "EXT 2023"]
[Source "ChessBase"]
[SourceDate "2022.10.05"]
[SourceVersion "1"]
[SourceVersionDate "2022.10.05"]
[SourceQuality "1"]

1. e4 c5 2. Nf3 d6 3. Bc4 Nc6 4. 0-0 Nf6 5. Nc3 e6 6. d4 cxd4 7. Nxd4 Be7 8. b3 0-0 9. Ba3 Qa5 10. Bb2 Rd8 11. Nxc6 bxc6 12. Qe2 d5 13. exd5 cxd5 14. Bd3 Bb7 15. a4 Rac8 16. Nb5 Nd7 17. c3 e5 18. b4 Qb6 19. a5 Qf6 20. Nxa7 e4 21. Nxc8 Bxc8 22. Bb5 Ne5 23. f3 exf3 24. Rxf3 Nxf3+ 25. Qxf3 Qg6 26. Bd3 Qc6 27. Rf1 Be6 28. Kh1 Qa4 29. Qh5 h6 30. Qe5 Bf6 31. Qg3 Kh8 32. Qf2 Qb3 33. Qc2 Qxc2 34. Bxc2 Rc8 1/2-1/2